Sprachen des römischen Reiches auf einer Karte - Statistiken

Allgemein
  • Dieses Quiz wurde 378 mal gespielt
  • Das Durchschnittsergebnis liegt bei 8 aus 58
Antworten auf der Karte
Die Antworten werden auf der Karte rot bzw. grün angezeigt, abhängig davon wie oft sie richtig erraten wurden.
 
Antwortstatistiken
Sprache % Korrekt
Latein
96%
Griechisch
74%
Altarabisch
72%
Gallisch
57%
Demotisch
49%
Hebräisch
47%
Aquitanisch
31%
Altaramäisch
28%
Armenisch
28%
Georgisch
23%
Phönizisch-punisch
22%
Keltiberisch
19%
Britisch
18%
Dakisch
18%
Iberisch
18%
Illyrisch
16%
Thrakisch
15%
Nord Berberisch
14%
Ost Berberisch
14%
Punisch
13%
Lusitanisch
11%
Altpersisch
10%
Ligurisch
10%
Nubisch
9%
Rätisch
9%
Galicisch
7%
Norisch
6%
Sarmatisch
6%
Galatisch
5%
Parthisch
5%
Phrygisch
4%
Abasinisch
3%
Medisch
3%
Asturisch
2%
Kabylisch
2%
Mingrelisch
2%
Pisidisch
2%
Turdetanisch
2%
Alanisch
1%
Avar
1%
Bedscha
1%
Dardanisch
1%
Elbgermanisch
1%
Kappadokisches Griechisch
1%
Meroitisch
1%
Paläo-Korsisch
1%
Paläo-Sardinisch
1%
Päonisch
1%
Paphlagonisch
1%
Samurisch
1%
West-Rhein Germanisch
1%
Chinalugisch
0%
Didoisch
0%
Nachisch
0%
Ost Tscherkessisch
0%
Swanisch
0%
Ubychisch
0%
West Tscherkessische
0%
Keine übereinstimmenden Quizze gefunden
Verteilung der Resultate
Anzahl Personen mit jedem Resultat
Perzentil nach korrekt beantworteten Fragen
Ihre Resultats-Entwicklung
Sie haben dieses Quiz noch nicht gespielt